| 000 | 00370cam a2200145ua 4500 | ||
|---|---|---|---|
| 041 |
_amal _h |
||
| 082 |
_a894.812 308 _bKHA/AL |
||
| 100 | _aKhalid, . | ||
| 245 |
_aAllahuvinte adimakal / _cKhalid. _hTextual Documents |
||
| 260 |
_aKottayam : _bNational Book Stall , _c1959. |
||
| 300 | _a339 ; . | ||
| 650 | _aFiction - Malayalam | ||
| 942 | _cBK | ||
| 999 |
_c448 _d448 |
||